VIROLOGY (Record no. 1370)
[ view plain ]
| 000 -LEADER | |
|---|---|
| fixed length control field | 00428nam a22001457a 4500 |
| 020 ## - INTERNATIONAL STANDARD BOOK NUMBER | |
| ISBN | 81-8094-017-9 |
| 082 ## - DEWEY DECIMAL CLASSIFICATION NUMBER | |
| Classification number | 616.01076 |
| Item number | SAR/V |
| 100 ## - MAIN ENTRY--AUTHOR NAME | |
| Personal name | SARAVANAN P |
| 245 ## - TITLE STATEMENT | |
| Title | VIROLOGY |
| 260 ## - PUBLICATION, DISTRIBUTION, ETC. (IMPRINT) | |
| Place of publication | CHENNAI |
| Name of publisher | MJP PUBLISHERS |
| Year of publication | 2006 |
| 300 ## - PHYSICAL DESCRIPTION | |
| Number of Pages | 418 |
| 520 ## - SUMMARY, ETC. | |
| Summary, etc | INCLUDES TAXONOMY AND CLASSIFICATION, DESCRIPTION OF SIGNIFICANT VIRUSES, COVERS CLINICAL VIROLOGY, REVIEW QUESTIONS |
| 650 ## - SUBJECT ADDED ENTRY--TOPICAL TERM | |
| Topical Term | BIOLOGY REFERENCE |
| Geographic subdivision | INDIA |
| 942 ## - ADDED ENTRY ELEMENTS (KOHA) | |
| Koha item type | Books |
| Withdrawn status | Lost status | Collection code | Home library | Current library | Shelving location | Date acquired | Source of acquisition | Cost, normal purchase price | Full call number | Accession Number | Koha item type |
|---|---|---|---|---|---|---|---|---|---|---|---|
| Reference | Main Library | Main Library | SHELF-5 D REFERENCEBIOLOGY | 24/10/2006 | purchase | 250.00 | 616.01076 SAR/V | 04153 | Books |